000 00635nam a2200229Ia 4500
003 OSt
005 20220918184002.0
006 a|||||r|||| 00| 0
007 ta
008 220917b |||||||| |||| 00| 0 eng d
024 _a43,236
037 _cTextual
040 _aARTS
_cARTS
_beng
041 _2eng
_aeng
082 _aO154vM5, 111J4;2 (044)
100 _aMunshi Kanaiyalal M
_964142
245 0 _aGujarat and its literature from early times to 1852
260 _c1954
650 _aENGLISH LITERATURE
942 _hO154vM5, 111J4;2 (044)
_cTEXL
_2CC
999 _c174625
_d174625